| 000 | 06763namaa22004331i 4500 | ||
|---|---|---|---|
| 003 | OSt | ||
| 005 | 20260504101820.0 | ||
| 008 | 250827s2025 ua a|||frm||| 000 0 eng d | ||
| 040 |
_aEG-GICUC _bara _cEG-GICUC _dEG-GICUC _erda |
||
| 041 | 0 |
_aara _bara _beng |
|
| 049 | _aإيداع | ||
| 082 | 0 | 4 | _a327.53106 |
| 092 |
_a327.53106 _221 |
||
| 097 | _aدكتوراه | ||
| 099 | _aCai01.16.05.Ph.D.2025.حم.ع | ||
| 100 | 0 |
_a،حمود عايض ضاوي البقمي _eإعداد. |
|
| 245 | 1 | 0 |
_aالعلاقات السعوديَّة الإفريقية بعد الحرب الباردة مع التركيز على الجانب الأمنيّ والعسكريّ / _cإعداد حمود عايض ضاوي البقمي؛ إشراف أ.د/ محمود أبو العينين، أ.د/ شيماء محي الدين، أ.م.د/ محمود زكريا محمود. _bRemainder of title / |
| 246 | 1 | 5 | _aSaudi-african relations after the cold war with a focus on the security and military aspects / |
| 264 | 0 | _c2025. | |
| 300 |
_a184 صفحة : _bإيضاحيات ؛ _c25 سم. + _eCD. |
||
| 336 |
_atext _2rda content |
||
| 337 |
_aUnmediated _2rdamedia |
||
| 338 |
_avolume _2rdacarrier |
||
| 502 | _aأطروحة (دكتوراه)-جامعة القاهرة، 2025. | ||
| 504 | _aببليوجرافيا: صفحات 169-184. | ||
| 520 | _aتتناول هذه الرسالة تطور العلاقات بين المملكة العربية السعودية والدول الإفريقية بعد انتهاء الحرب الباردة، مع تركيز خاص على البعد الأمني والعسكري، في سياق متكامل يشمل أيضًا الأبعاد السياسية والدبلوماسية والاقتصادية والتنموية والثقافية والتعليمية والدينية. تنطلق الدراسة من أرضية تاريخية تجمع بين المملكة والقارة الإفريقية، حيث شكّلت الروابط الجغرافية والثقافية والدينية أساسًا مهمًا لتكوين علاقات استراتيجية أكثر شمولاً وعمقًا في العقود الأخيرة، وتحديدًا منذ مطلع القرن الحادي والعشرين.تركز الدراسة على مسار العلاقات السعودية الإفريقية في ظل المتغيرات الإقليمية والدولية، وتوضح كيف استطاعت المملكة أن تعيد بناء شبكة علاقاتها مع دول القارة بطريقة متعددة المحاور، تستجيب لمتطلبات الأمن القومي السعودي وتراعي التحديات التنموية والأمنية التي تواجه القارة. ومن خلال دراسة معمقة، تظهر الرسالة مدى اتساع مجالات التعاون بين الطرفين، حيث شهدت العلاقات تطورًا لافتًا في المجال السياسي والدبلوماسي عبر التنسيق في المحافل الدولية، وتبني مواقف موحدة تجاه قضايا مثل القضية الفلسطينية، إضافة إلى تعزيز أطر التفاهم من خلال القمم المشتركة، وفي مقدمتها القمة السعودية الإفريقية التي عقدت في الرياض عام 2023، والتي مثلت نقلة نوعية في العلاقات بين الجانبين.تخلص الدراسة إلى أن العلاقات السعودية الإفريقية دخلت مرحلة جديدة من النضج، غير أنها ما تزال بحاجة إلى تطوير شامل واستراتيجي يستجيب للمتغيرات الدولية والمتطلبات التنموية والأمنية المشتركة، ويعزز من حضور المملكة في القارة، ويستثمر في فرص النمو الكثيرة التي تتيحها الشراكة مع إفريقيا، من خلال بناء شبكات تعاون أكثر اتساعًا واستدامة على مختلف الأصعدة. | ||
| 520 | _aThis dissertation explores the development of relations between the Kingdom of Saudi Arabia and African countries in the post-Cold War era, with a particular focus on the security and military dimensions, alongside political, diplomatic, economic, developmental, cultural, educational, and religious aspects. The study begins by outlining the historical, geographical, and cultural ties between Saudi Arabia and Africa, which have served as a foundation for building more strategic and comprehensive relations in recent decades, especially since the early 21st century.The research focuses on how Saudi Arabia has rebuilt its network of relations with African nations in response to regional and global shifts, aligning with national security priorities while considering Africa’s developmental and security challenges. Through in-depth analysis, the dissertation reveals the expansion of cooperation in various fields, particularly the political and diplomatic domain, where the two sides have coordinated in international forums and adopted unified positions on key issues such as the Palestinian cause. This was most notably reflected in the Saudi-African Summit held in Riyadh in 2023, which marked a turning point in bilateral relations.In conclusion, the study asserts that Saudi-African relations have entered a new phase of maturity, but still require comprehensive strategic development that adapts to global changes and shared security and development needs. Enhancing Saudi presence in Africa and investing in the vast opportunities offered by the continent are essential for building a broader and more sustainable partnership across all sectors. | ||
| 530 | _aصدر أيضًا كقرص مدمج. | ||
| 546 | _aالنص بالعربية والملخص باللغة الإنجليزية والعربية. | ||
| 650 | 7 |
_aالعلاقات السياسية _zالمملكة العربية السعودية _zالإفريقية _2qrmak |
|
| 653 | 0 |
_aالعلاقات _aالسعوديَّة _aالإفريقية |
|
| 700 | 0 |
_aمحمود أبو العينين _eمشرف أطروحة. |
|
| 700 | 0 |
_aشيماء محي الدين _eمشرف أطروحة. |
|
| 700 | 0 |
_aمحمود زكريا محمود _eمشرف أطروحة. |
|
| 900 |
_b30-04-2025 _cمحمود أبو العينين _cشيماء محي الدين _cمحمود زكريا محمود _dماجدة صالح _dنجاح الريس _Uجامعة القاهرة _Fكلية الدراسات الإفريقية العليا _Dقسم السياسة والاقتصاد |
||
| 905 | _aSara | ||
| 942 |
_2ddc _cTH _e21 _n0 |
||
| 999 | _c179947 | ||